Advances in computer system security
Saved in:
| Other Authors: | |
|---|---|
| Format: | Book |
| Language: | English |
| Published: |
Dedham, Mass. :
Artech House,
c1981-1984.
|
| Series: | Artech House telecommunications library
|
| Subjects: | |
| Tags: |
Add Tag
No Tags, Be the first to tag this record!
|
MARC
| LEADER | 00000cam a2200000 i 4500 | ||
|---|---|---|---|
| 001 | 1/55329 | ||
| 008 | 941103m19811984mau ||| | eng|| | ||
| 020 | |a 089006315X | ||
| 020 | |a 0890060967 | ||
| 020 | |a 0890061564 | ||
| 035 | |a 1993 |c ΚΑΤΣΙΚΑΣ |l 10045256 | ||
| 040 | |a GR-MyUA |b gre |e AACR2 | ||
| 041 | 0 | |a eng | |
| 082 | 0 | |a 658.478 |2 (19) | |
| 245 | 1 | 0 | |a Advances in computer system security / |c edited by Rein Turn. |
| 260 | |a Dedham, Mass. : |b Artech House, |c c1981-1984. | ||
| 300 | |a 2 τ. : |b εικ. ; |c 28 εκ. | ||
| 490 | 1 | |a Artech House telecommunications library | |
| 500 | |a "The Artech House computer library"--V. 2, p. preceding t.p | ||
| 504 | |a Περιέχει βιβλιογραφικές αναφορές. | ||
| 650 | 0 | 0 | |a Computer security. |
| 650 | 0 | 0 | |a Electronic data processing departments |x Security measures. |
| 700 | 1 | |a Turn, Rein |d 1931- |e edt | |
| 830 | 0 | |a Artech House telecommunications library | |
| 852 | |a INST |b SAMOS |e 19941103 |h 658.478 ADV |p 005300000694 |q 005300000694 |t BK |y 0 |z v.3 | ||
| 852 | |a INST |b SAMOS |e 19941103 |h 658.478 ADV |p 005300003356 |q 005300003356 |t BK |y 0 |z v.2 | ||
| 852 | |a INST |b SAMOS |e 19941103 |h 658.478 ADV |p 005300000694 |q 005300000694 |t BK |v v.3: |y 0 |z v.3 | ||
| 852 | |a INST |b SAMOS |e 19941103 |h 658.478 ADV |p 005300003356 |q 005300003356 |t BK |v v.2: |y 0 |z v.2 | ||
| 853 | |a INST |b SAMOS |h 658.478 ADV | ||
| 909 | |a Σ |b 021173 | ||
| 909 | |a Σ |b 021172 | ||